00930nam a2200217 a 450000100100000000500170001000800410002702000150006804000250008310000420010824501370015026000470028730000200033449000370035450000210039150400730041271000600048583000440054595201060058999900170069500004118820201002034706.0130925s1988 sp 001 0 spa d a8400068505 aDO-SdBNPbspacBNPHU1 aDomínguez Caparrós, José91543410aContribución a la bibliografía de los últimos treinta años sobre la métrica española /cpor Mariano García Ruipérez. aMadrid :bInstituto de Filología,c1988. a74 p. ;c24 cm.1 aCuadernos bibliográficos ;v50 aIncluye índice aIncluye referencias bibliográficas y notas al pie de las páginas2 aConsejo Superior de Investigaciones Científicas94786 0aCuadernos bibliográficos ;n50967755 0010507-18MOaGRbGRcOId2013-09-25iLF1l0o p41188-10r2020-06-25w2020-06-25y1ZNo se presta c40678d40678